Curbing inflation through taxation /

Bibliographic Details
Corporate Author: Tax Institute
Other Authors: Eccles, Marriner S. (Marriner Stoddard), 1890-1977
Format: Book
Language:English
Published: New York : Tax institute, inc., [1944]
Subjects:

MARC

Tag First Indicator Second Indicator Subfields
LEADER 00000cam a2200000 4500
001 in00000064765
005 20151008050712.0
008 751016s1944 nyua b 00000 eng
010 |a  44006807  
035 |a (OCoLC)01709834 
035 |9 AAG2742AM 
040 |a DLC  |c TOL  |d TOL  |d TXA  |d UtOrBLW 
049 |a TXAM  |c [128052] 
050 0 0 |a HJ2305  |b .T17 
092 |a 332.414  |b T235c 
110 2 |a Tax Institute. 
245 1 0 |a Curbing inflation through taxation /  |c by Marriner S. Eccles, J. W. Oliver, Milton Gilbert [and others] ... Symposium conducted by the Tax institute, February 7-8, 1944, New York. 
264 1 |a New York :  |b Tax institute, inc.,  |c [1944] 
300 |a ix, 261 pages :  |b diagrams ;  |c 23 cm. 
336 |a text  |b txt  |2 rdacontent 
337 |a unmediated  |b n  |2 rdamedia 
338 |a volume  |b nc  |2 rdacarrier 
504 |a Bibliography: pages 253-258. 
650 0 |a Inflation (Finance) 
650 0 |a Inflation (Finance)  |z United States. 
650 0 |a Taxation. 
650 0 |a Taxation  |z United States. 
700 1 |a Eccles, Marriner S.  |q (Marriner Stoddard),  |d 1890-1977. 
999 |a MARS 
999 f f |s 55a939d5-eac1-3b85-b85a-5b6871499c6b  |i 1486b349-3f76-3adc-99a0-14bccf7a5b8c  |t 0 
952 f f |p ric  |a Texas A&M University  |b Rellis Campus  |c Joint Library Facility  |d Remote Storage  |t 0  |e HJ2305 .T17  |h Library of Congress classification  |i unmediated -- volume  |m A14800733757 
998 f f |a HJ2305 .T17  |t 0  |l Remote Storage